| 000 | 00371nam a22001457a 4500 | ||
|---|---|---|---|
| 999 |
_c15446 _d15446 |
||
| 020 | _a9788122422153 | ||
| 082 |
_a664. _bMAN/FO |
||
| 100 |
_aManay, Shakuntala N _9161 |
||
| 245 | _aFoods: Facts and Principles / | ||
| 250 | _a3rd ed. | ||
| 260 |
_aNew Delhi ; _bNew Age International , _c2012. |
||
| 300 | _a490 ;. | ||
| 700 |
_aShadaksharaswamy, M _93150 |
||
| 942 | _cBK | ||